Advanced learner's dictionary of geography (Record no. 3430)
[ view plain ]
| 000 -LEADER | |
|---|---|
| fixed length control field | 00427nam a22001337a 4500 |
| 020 ## - INTERNATIONAL STANDARD BOOK NUMBER | |
| International Standard Book Number | 8126104635 |
| 082 ## - DEWEY DECIMAL CLASSIFICATION NUMBER | |
| Classification number | 910.3 |
| 100 ## - MAIN ENTRY--PERSONAL NAME | |
| Personal name | A team of experts |
| 245 ## - TITLE STATEMENT | |
| Title | Advanced learner's dictionary of geography |
| 260 ## - PUBLICATION, DISTRIBUTION, ETC. | |
| Place of publication, distribution, etc. | New Delhi |
| Name of publisher, distributor, etc. | Anmol publications |
| Date of publication, distribution, etc. | 2000 |
| 300 ## - PHYSICAL DESCRIPTION | |
| Extent | 308p |
| 942 ## - ADDED ENTRY ELEMENTS (KOHA) | |
| Koha item type | Book |
| Withdrawn status | Lost status | Damaged status | Not for loan | Collection code | Permanent Location | Current Location | Shelving location | Date acquired | Total Checkouts | Full call number | Barcode | Date last seen | Price effective from | Koha item type |
|---|---|---|---|---|---|---|---|---|---|---|---|---|---|---|
| Central Library (CL) | Central Library (CL) | Reference | 06/23/2016 | 910.3 ADV | S3H-D-155 | 06/23/2016 | 11/18/2016 | Book |
